00754nam a2200193 a 4500008004100000050001700041100001800058245005900076260003900135300000900174350000900183490004600192700002700238700003300265710001500298995010300313999001700416952012700433080926s2007 ||||||||||||||||| || u aIBRD(08)PRWP aHegre, Havard10aDemocratic Jihad?: military intervention and democracy aWashington, D.C.bWorld Bankc2007 a62p. a0.00 aWorld Bank policy research working papers aGleditsch, Nils Petter aChristiansen, Lene Siljeholm aWorld Bank D0.00FCBU-MAIN LIBRARY (Kitwe)H1I0.00M4242UAVAILABLEWSep 26, 2008ZInternational Publications c39594d39594 00102lcc4070a001b001cInternational Publicationsd2022-11-30l0oIBRD(08)PRWPpZ03002953r2022-11-30w2022-11-30y002